Countries With the Most Rivers - Statistics

General Stats
  • This quiz has been taken 28 times
  • The average score is 8 of 9
Answer Stats
Rivers Country % Correct
22 Brazil
100%
24 China
100%
36 Russia
100%
28 United States of America
100%
13 Canada
96%
10 India
96%
8 Peru
81%
8 Democratic Republic of the Congo
73%
10 Bolivia
50%
No matching quizzes found
Score Distribution
Percent of People with Each Score
Percentile by Number Answered
Your Score History
You have not taken this quiz